000 00426nam a2200169Ia 4500
008 230524s9999 xx 000 0 und d
020 _a9789381141427
082 _a577
_bJOS
100 _aKamal Kant Joshi
_942967
245 0 _aEnvironment And Ecology
250 _a1
260 _aNew Delhi
_bI.K.International
_c2014
300 _a"XIII,171p;"
500 _aQuantity Number: 1
650 _aEnvironmental
942 _cBK
999 _c57923
_d57923